[Event "Mlada Boleslav Region-ch U20"]
[Site "Mlada Boleslav"]
[Date "2014.06.22"]
[Round "7"]
[White "Kucera, Adam Thomas"]
[Black "Pekar, Adam"]
[Result "0-1"]
[WhiteElo "1284"]
[BlackElo "1100"]
[PlyCount "59"]
[EventDate "2014.06.21"]
[EventType "swiss"]
[EventRounds "7"]
[EventCountry "CZE"]
[SourceTitle "EXT 2016"]
[Source "ChessBase"]
[SourceDate "2015.10.08"]
[SourceVersion "1"]
[SourceVersionDate "2015.10.08"]
[SourceQuality "1"]

1. e4 d5 2. exd5 Nf6 3. Nc3 Nxd5 4. Nf3 Nxc3 5. bxc3 Nc6 6. Bb5 Bd7 7. 0-0 e6 8. d4 Bd6 9. c4 a6 10. Ba4 Na5 11. c3 Nxc4 12. Re1 0-0 13. Bxd7 Qxd7 14. d5 exd5 15. Qxd5 Qc6 16. Qg5 Qb5 17. Qg4 Ne5 18. Nxe5 Bxe5 19. c4 Qa5 20. Bd2 Qxd2 21. Rxe5 Qc3 22. Rae1 Qb2 23. Qe4 g6 24. h3 c6 25. Re7 Rab8 26. Rb1 Qxa2 27. Rexb7 Rxb7 28. Rxb7 Qa1+ 29. Kh2 Qa4 30. Qxc6 0-1